1702 1869 1384 1127 1154 1727 1549 1130 1481 1681 1112 1644 1040 1397 1826 1723 1582 1103 1338 1976 1682 1875 1438 1193 1994 1306 1575 1062 1921 1706 1252 1274 1020 1800 1608 1852 1477 1520 1731 1834 1588 1830 1090 1778 1352 1758 1913 1437 1409 1291 1012 1306 1870 1404 1540 1325 1378 1291 1046 1480 1553 1001 1269 1397 1676 1695 1833 1178 1828 1303 1821 1496 1783 1668 1857 1226 1386 1875 1667 1334 1961 1031 1029 1496 1793 1224 1427 1813 1508 1038 1630 1775 1492 1672 1921 1502 1033 1675 1744 BCNSPRNW ULIB Ver.6.0+V

เปลี่ยนเป็นภาษาไทย

Change to English
 แสดงรายละเอียดบรรณานุกรม
  กลับหน้าหลัก

Brief Record : Get Marc (ISO 2709) : E-mail record : QR code < ปิดหน้าต่าง
LEADER : 00000nam 2200000uu 4500
001    13399123654
003     ULIB
008    141103s2556||||th 000 0 tha d
020    ^a9786163358349
060  4 ^aWC528^bป418ร
100    ^aประเสริฐ ทองเจริญ
245    ^aระบาดบันลือโลก 22 : โรคไข้เลือดออกเด็งกี่ /^cประเสริฐ ทองเจริญ
246 0  World-Shaking Outbreaks-
250    ^aพิมพ์ครั้งที่ 1
260    ^aกรุงเทพฯ :^bอักษรสมัย(๑๙๙๙),^c2556
300    ^a174หน้า;^b18.5 ซม.
650    ^aโรคไข้เลือดออกเด็งกี่
945    ^p200^l0^i036517
945    ^p200^l0^i036518
945    ^p200^l0^i036519
945    ^p200^l0^i036520
945    ^p200^l0^i036521
999    ^aเกษร โพธิ์สุวรรณ
รายการนี้ยังไม่มีแท็ก
คุณยังไม่ได้ล็อกอิน คุณสามารถมีกิจกรรมร่วมกับเว็บไซต์ได้ แต่ต้องล็อกอินก่อน ::
  ล็อกอิน

รายการสื่อสารสนเทศ

ลำดับที่ ประเภท เลขเรียก/บาร์โค้ด สถานที่ สถานะ
1. วิทยาศาสตร์การแพทย์ และสุขภาพ
หนังสือสำรอง
สถานะ=หนังสือสำรอง
WC528 ป418ร ฉ.1 
  Barcode: 036517
ห้องสมุดวิทยาเขตสวรรค์ประชารักษ์
►ส่วนจัดเก็บหนังสือเก่า สปร
บนชั้น
  ขอยืม
2. วิทยาศาสตร์การแพทย์ และสุขภาพ
วิทยาศาสตร์การแพทย์ และสุขภาพ
WC528 ป418ร ฉ.2 
  Barcode: 036518
ห้องสมุดวิทยาเขตสวรรค์ประชารักษ์
►ส่วนจัดเก็บหนังสือเก่า สปร
บนชั้น
  ขอยืม
3. วิทยาศาสตร์การแพทย์ และสุขภาพ
วิทยาศาสตร์การแพทย์ และสุขภาพ
WC528 ป418ร ฉ.3 
  Barcode: 036519
ห้องสมุดวิทยาเขตสวรรค์ประชารักษ์
►ส่วนจัดเก็บหนังสือเก่า สปร
บนชั้น
  ขอยืม
4. วิทยาศาสตร์การแพทย์ และสุขภาพ
วิทยาศาสตร์การแพทย์ และสุขภาพ
WC528 ป418ร ฉ.4 
  Barcode: 036520
ห้องสมุดวิทยาเขตสวรรค์ประชารักษ์
►ส่วนจัดเก็บหนังสือเก่า สปร
บนชั้น
  ขอยืม
5. วิทยาศาสตร์การแพทย์ และสุขภาพ
วิทยาศาสตร์การแพทย์ และสุขภาพ
WC528 ป418ร ฉ.5 
  Barcode: 036521
ห้องสมุดวิทยาเขตสวรรค์ประชารักษ์
►ส่วนจัดเก็บหนังสือเก่า สปร
บนชั้น
  ขอยืม

รายการใกล้เคียง
    ผู้แต่ง [ประเสริฐ ทองเจริญ]

    หัวเรื่อง [โรคไข้เลือดออกเด็งกี่]

BibComment


ยังไม่เคยถูกคอมเมนท์

คอมเมนท์ทรัพยากรรายการนี้
  คอมเมนท์: ระบาดบันลือโลก 2..


 Copyright 2026. Bcnsprnw @Library